000 00207 a2200097 4500
001 9110
100 _aNadvi, A S
245 _aTarikhi-Akhlaqi Islami.
260 _a
_bMaroof (India)
_c
090 _c7288
_d7288
942 _aNUST-CAE
_cM
_c33920
999 _c244183
_d244183